Conversation / (Record no. 115327)
[ view plain ]
| 000 -LEADER | |
|---|---|
| fixed length control field | 00652nam a22002057a 4500 |
| 005 - DATE AND TIME OF LATEST TRANSACTION | |
| control field | 20160415082414.0 |
| 008 - FIXED-LENGTH DATA ELEMENTS--GENERAL INFORMATION | |
| fixed length control field | 160415b enk||||| |||| 00| 0 eng d |
| 020 ## - INTERNATIONAL STANDARD BOOK NUMBER | |
| International Standard Book Number | 0194370968 |
| 050 04 - LIBRARY OF CONGRESS CALL NUMBER | |
| Classification number | PE1128.A2 |
| Item number | N65 1990 |
| 100 1# - MAIN ENTRY--PERSONAL NAME | |
| Personal name | Nolasco, Rob |
| Relator term | aut. |
| 245 10 - TITLE STATEMENT | |
| Title | Conversation / |
| Statement of responsibility, etc | Rob Nolasco, Lois Arthur |
| 250 ## - EDITION STATEMENT | |
| Edition statement | 1a ed. |
| Remainder of edition statement | 4a reimp. |
| 260 ## - PUBLICATION, DISTRIBUTION, ETC. (IMPRINT) | |
| Place of publication, distribution, etc | Oxford : |
| Name of publisher, distributor, etc | Oxford University Press, |
| Date of publication, distribution, etc | 1990 |
| 300 ## - PHYSICAL DESCRIPTION | |
| Extent | 148 p. : |
| Other physical details | il. ; |
| Dimensions | 25 cm. |
| 490 #0 - SERIES STATEMENT | |
| Series statement | Resource books for teachers |
| 504 ## - BIBLIOGRAPHY, ETC. NOTE | |
| Bibliography, etc | Bibliografia: p. 145-148 e índice |
| 650 #7 - SUBJECT ADDED ENTRY--TOPICAL TERM | |
| Source of heading or term | Lemb |
| Topical term or geographic name as entry element | Lenguaje y lenguas |
| Form subdivision | Conversación |
| General subdivision | Inglés |
| 700 1# - ADDED ENTRY--PERSONAL NAME | |
| Personal name | Arthur, Lois |
| Relator term | coaut. |
| 942 ## - ADDED ENTRY ELEMENTS (KOHA) | |
| Source of classification or shelving scheme | Biblioteca del Cogreso de los Estados Unidos |
| Koha item type | Libro |
| Estado de pérdida | Fuente de clasificación | Estado del daño | No para préstamo | Ubicación permanente | Ubicación actual | Apartado o colección | Fecha de adquisición | Edición | Área del conocimiento | Clasificación | Código de Barras | Date last seen | Número de copia | Tipo de recurso |
|---|---|---|---|---|---|---|---|---|---|---|---|---|---|---|
| Biblioteca del Cogreso de los Estados Unidos | Biblioteca del Departamento de Idiomas | Biblioteca del Departamento de Idiomas | Consulta | 15/04/2016 | 1a | Educación y Humanidades | PE1128.A2 N65 1990 | BDI000000504 | 15/04/2016 | 1 | Libro | |||
| Biblioteca del Cogreso de los Estados Unidos | Biblioteca del Departamento de Idiomas | Biblioteca del Departamento de Idiomas | Consulta | 02/05/2017 | 1a | Educación y Humanidades | PE1128.A2 N65 1993 | BDI000001509 | 02/05/2017 | 2 | Libro |